| 000 | 00778nam a2200253Ia 4500 | ||
|---|---|---|---|
| 003 | OSt | ||
| 005 | 20220928103955.0 | ||
| 006 | a|||||r|||| 00| 0 | ||
| 007 | ta | ||
| 008 | 220927b |||||||| |||| 00| 0 hin d | ||
| 020 | _cINR 7000.00 | ||
| 024 | _a133915 | ||
| 037 |
_b71, 08/03/2017, Kiran Book Service _cTextual |
||
| 040 |
_aSDCL _cSDCL _bhin |
||
| 041 |
_2hin _ahin |
||
| 082 | _aO152v, Q7.1-Q7.3. | ||
| 100 |
_aGoenka Kamal Kishore Ed. _9407879 |
||
| 245 | 0 | _aHindi pravasi sahitya (3 vol. set) | |
| 260 |
_aDelhi _bYes Publications _c2017 |
||
| 300 |
_a252+372+419p. _ccm. |
||
| 650 |
_aHindi _9391598 |
||
| 942 |
_hO152v, Q7.1-Q7.3. _cTEXL _2CC |
||
| 999 |
_c723389 _d723389 |
||